Quizzes
Events
Quiz Creation
Community
Videos
Private Events
Remove Ads
Sign In
Join for FREE
Feedback
Dark Mode
Quiz Categories
Sports
Geography
Music
Movies
Television
Just For Fun
Miscellaneous
History
Literature
Language
Science
Gaming
Entertainment
Religion
Holiday
For Kids
Quiz Lab
Recent
Popular Today
Quiz Kudos Today
Editor Picks
Curator Picks
Quizzes by...
Day
Popularity
Type
Ratings
Length
Year
Community
Subscriptions
Recent Discussions
Orange Saloon
Badges
Playlists
Quests
Create
Leaderboards
Showdown
Live 5
Trivia Bingo
Activity
Puzzle Library
Sporcle Events
Private Events
Virtual Trivia
Globe League
Become a Host
Pub Owners
SporcleCon
Opinionation
Our Games
Videos
Blog
Mobile Apps
Partnerships
Remove Ads and Go Orange
Feedback
Just For Fun
Clickable
Get the Picture
Humor
Quick Pick
Word Ladder
Missing Word
Mixed Word
Blitz
Minefield
This or That
Alphabet
Color
Typing
Sporcle
Puzzle
Word Play
Follow That Line
Logic
Just For Fun
Clickable
Get the Picture
Humor
Quick Pick
Word Ladder
Missing Word
Mixed Word
Blitz
Minefield
This or That
Alphabet
Color
Typing
Sporcle
Puzzle
Word Play
Follow That Line
Logic
Random Quiz
Search Sporcle
×
Quiz Lab
Quiz Lab
Just For Fun
Numbers
Type in answers that appear in a list
Type in answers that appear in a list
Classic
Best Score? Go Orange.
1-200 Stats
Can you name the numbers from 1-200?
By
abben
3m
200 Questions
114 Plays
114 Plays
114 Plays
Comments
Comments
Give Quiz Kudos
Give Quiz Kudos
-
- Ratings
hide this ad
Replay
Link that replays current quiz
Next Quiz
Link to next quiz in quiz playlist
You Got
0%
They Got
Avg Score
66%
Avg Friend Score
Upgrade to see
Score Distribution
Jump to the score distribution portion of the page
Score
0/200
Timer
03:00
0
Plays Today
Number
% Correct
10
93%
12
93%
11
90.4%
13
86%
20
86%
14
84.2%
15
84.2%
34
83.3%
16
82.5%
17
82.5%
19
82.5%
18
81.6%
23
80.7%
33
80.7%
41
80.7%
22
79.8%
31
79.8%
36
79.8%
40
79.8%
21
78.9%
24
78.9%
29
78.9%
30
78.9%
35
78.9%
37
78.9%
38
78.9%
39
78.9%
44
78.9%
45
78.9%
51
78.9%
55
78.9%
81
78.9%
25
78.1%
27
78.1%
28
78.1%
32
78.1%
43
78.1%
46
78.1%
47
78.1%
48
78.1%
49
78.1%
50
78.1%
54
78.1%
56
78.1%
71
78.1%
78
78.1%
91
78.1%
92
78.1%
26
77.2%
42
77.2%
52
77.2%
53
77.2%
61
77.2%
89
77.2%
102
77.2%
57
76.3%
58
76.3%
59
76.3%
64
76.3%
67
76.3%
75
76.3%
80
76.3%
83
76.3%
88
76.3%
98
76.3%
99
76.3%
101
76.3%
Number
% Correct
103
76.3%
60
75.4%
69
75.4%
70
75.4%
73
75.4%
74
75.4%
76
75.4%
77
75.4%
79
75.4%
82
75.4%
84
75.4%
85
75.4%
86
75.4%
87
75.4%
90
75.4%
94
75.4%
95
75.4%
96
75.4%
97
75.4%
100
75.4%
62
74.6%
63
74.6%
65
74.6%
72
74.6%
93
74.6%
104
74.6%
107
74.6%
108
74.6%
66
73.7%
68
73.7%
105
73.7%
106
73.7%
109
73.7%
111
72.8%
121
72.8%
110
71.9%
112
71.1%
113
70.2%
114
69.3%
115
69.3%
117
69.3%
118
69.3%
123
69.3%
116
68.4%
119
68.4%
122
67.5%
120
66.7%
134
66.7%
135
66.7%
141
66.7%
124
65.8%
128
65.8%
130
65.8%
131
65.8%
132
65.8%
136
65.8%
137
65.8%
138
65.8%
139
65.8%
150
65.8%
125
64.9%
126
64.9%
127
64.9%
129
64.9%
133
64.9%
142
64.9%
143
64.9%
Number
% Correct
144
64.9%
145
64.9%
146
64.9%
147
64.9%
148
64.9%
149
64.9%
151
64.9%
140
64%
152
64%
153
63.2%
154
63.2%
156
63.2%
155
62.3%
157
62.3%
158
61.4%
159
60.5%
161
58.8%
165
58.8%
166
58.8%
162
57.9%
163
57.9%
164
57.9%
167
57.9%
160
57%
168
56.1%
169
56.1%
170
53.5%
171
52.6%
172
51.8%
173
50.9%
177
50.9%
174
50%
175
50%
178
48.2%
176
47.4%
188
47.4%
184
46.5%
185
46.5%
187
46.5%
179
45.6%
180
45.6%
181
45.6%
182
45.6%
183
45.6%
186
45.6%
200
45.6%
189
44.7%
191
43.9%
190
43%
193
43%
192
42.1%
194
42.1%
195
42.1%
198
41.2%
196
40.4%
199
40.4%
197
39.5%
1
26.3%
2
26.3%
9
26.3%
4
25.4%
7
25.4%
5
25.4%
6
25.4%
8
25.4%
3
24.6%
Quiz Playlist
Details
Report
Send in Message
Add To Playlist
Classic:
Type in answers that appear in a list
Last Updated: Feb 16, 2017
Quiz Scoreboard
CHALLENGE
Sign Up to Join the Scoreboard
Show All
Scores
Hide
Comments
May contain spoilers
Recently Published
College Basketball Coaching Resumes
by pancakes188
Sports
9m
Billboard Blitz: Fleetwood Mac
by CooCooCachoo
Music
15s
Presidents Visiting Landmarks
by Hejman
History
7m
More to Explore
Quiz From the Vault
Featured Blog Post
Where Did the Easter Bunny Come From?
hide this ad
You Might Also Like...
Tags
Numbers Quiz
1-200
Motivation
Today's Top Quizzes in Just For Fun
Browse Just For Fun
hide this ad
Today's Top Quizzes in Numbers
Browse Numbers
Top Contributed Quizzes in Just For Fun
1
Killer Double Trees 224 - Colour Match-Up
2
Spring Typing Challenge
3
Name Just One - 10 to 1: Just For Fun
4
Crossword Whiteout! 49
5
Zeroing In: Just For Fun
6
Survivor Winners Logic Puzzle
7
Word Ladder: Ahoy Matey
8
Word Ladder: Wilderness Weapon
9
Harry Potter Logic - 'In Chains' II
10
Kyle's 122nd Triple Trees
Explore More
Trending Topics
Crossword
Anime
Kpop
NBA
Harry Potter
Disney
Marvel
NFL
The Office
Soccer
Pokémon
Puzzle
Song
WWE
Country
hide this ad
More By:
abben
Quiz
Plays
Rating
Category
Featured
Created
1-200
114
1.83
Just For Fun
Apr 10, 2010
Red Sox Retired Numbers
57
Sports
Apr 10, 2010
Go to Creator's Profile
Score Distribution
Quiz Creator Spotlight
abben
Follow
Send a Message
Quizzes Created
-
Created Quiz Play Count
-
More By This Creator
Popular Quizzes Today
1
Find the US States - No Outlines Minefield
2
Find the Countries of Europe - No Outlines Minefield
3
The Countries of the World
4
Find the US States
5
Risky Map Clicking: Biggest States A-Z
6
US States
7
Popular People in 1961
8
Movies - When Are They Set?
More Just For Fun Quizzes
Quick Pick: Black or White?
Published
Trending Quizzes
Risky Map Clicking: Least Populous States A-Z
1-10 Letter G Words
1-10 Letter F Words
Risky Map Clicking: Next State Alphabetically
Adjectives in 80s TV Shows
Recently Updated
Leaping Animals
pecheneg
Reality TV Shows (A-Z)
bhenderson79
Rickey Henderson's Hall of Fame Teammates
pecheneg
Champions League XIs: Arsenal
pecheneg
Quick Pick: Celebrities in WWE's Hall of Fame
aduchscher
A-Z Keypad Blitz II
pecheneg
Multiple Oscar Actors
pecheneg
Mystery Phrase Blitz: Oscar 'Best Actors'
pecheneg
F. Scott Fitzgerald Novels
LTH
Pick 3 Villains
ddd62291
Trending Topics
Crossword
Marvel
Harry Potter
Kpop
Anime
Disney
NBA
The Office
Pokémon
Country
Puzzle
Song
Soccer
NFL
WWE
Your Account Isn't Verified!
In order to create a playlist on Sporcle, you need to verify the email address you used during registration. Go to your
Sporcle Settings
to finish the process.
Report this User
Report this user for behavior that violates our
Community Guidelines
.
Details:
Send Report
Go to the Sporcle.com Mobile Site →
Comments